| 000 | 00552nam a2200181 a 4500 | ||
|---|---|---|---|
| 001 | 000033247 | ||
| 005 | 20200930070126.0 | ||
| 008 | 090904s1941 dr 000 0 spa d | ||
| 040 |
_aDO-SdBNP _bspa _cBNPHU |
||
| 082 |
_axxx _bC669 |
||
| 110 | 1 |
_aRepública Dominicana _9447 |
|
| 240 | 1 | 3 | _a[Leyes etc.] |
| 245 | 1 | 0 | _aCódigo penal y leyes que lo modifican y lo completan. |
| 260 |
_aCiudad Trujillo, República Dominicana : _bImprenta Montalvo, _c1941. |
||
| 300 |
_a110 p. ; _c23 cm. |
||
| 500 | _aIncluye notas al pie de páginas | ||
| 049 | _aBNPD | ||
| 999 |
_c32738 _d32738 |
||